00537nam a2200193 a 4500001001300000003000900013005001700022008004100039020002300080082001600103100001700119245005600136260003300192300000900225500003500234505001700269650004000286700001700326nice12345678IN_TiNIC20260116015005.0050524s1990 onta grp 000 0 eng  a0836121 c10000a303.66bZEH aZehr, Howard aChanging Lensesb a New Focus for Crime and Justice aOntariobHerald Press c1990 a271p aincludes index and biblioraphy2 abibliography aPeace-Religious Aspect-Christianity1 aZehr, Howard